Rabindra Bharati University
WEBOPAC (ONLINE PUBLIC ACCESS CATALOGUE)

The Three Tagores-Dwarkanath, Debendranath and Rabindranath: (Record no. 123462)

000 -LEADER
fixed length control field 00655nam a22002057a 4500
005 - DATE & TIME
control field 20260325154852.0
008 - FIXED-LENGTH DATA ELEMENTS--GENERAL INFORMATION
fixed length control field 260325b xxu||||| |||| 00| 0 eng d
020 ## - ISBN
International Standard Book Number 978 1 041 11577 9
Price Rs.1295.00
040 ## - CATALOGING SOURCE
Original cataloging agency RBU-Library
041 ## - Language
Language English
082 ## - DDC NUMBER
Classification number 929.2
Book Number T128(C) T.L.
100 ## - MAIN ENTRY--PERSONAL NAME
Personal name Chakrabarty, Bidyut
245 ## - TITLE STATEMENT
Title The Three Tagores-Dwarkanath, Debendranath and Rabindranath:
Sub Title India in transition
260 ## - PUBLICATION, DISTRIBUTION, ETC. (IMPRINT)
Place of publication, distribution, etc London:
Name of publisher, distributor, etc Routledge,
Date of publication, distribution, etc 2025
300 ## - PHYSICAL DESCRIPTION
Pages 210p.
650 ## - Subject
Subject Tagore, Dwarkanath,1794-1846
650 ## - Subject
Subject Tagore, Debendranath, 1817-1905
650 ## - Subject
Subject Tagore, Rabindranath, 1861-1941
942 ## - ADDED ENTRY ELEMENTS (KOHA)
Koha item type Books
100 ## - MAIN ENTRY--PERSONAL NAME
-- 1470
650 ## - Subject
-- 1521
650 ## - Subject
-- 1522
650 ## - Subject
-- 1472
Holdings
Price effective from Location (home branch) Koha date last seen Not for loan Date acquired Source of classification or shelving scheme Koha item type Barcode (Accession No.) Damaged status Lost status Withdrawn status Sublocation or collection (holding branch) Koha full call number
2026-03-25Central Library, RBU.2026-03-25 2026-03-25 Books126981   Central Library, RBU.929.2 T128(C) T.L.

Customized by - AVIOR TECHNOLOGIES PVT. LTD. , Website : www.aviortechnologies.com , Email : mail@aviortechnologies.com